00523nam a2200181 a 45000010010000000030011000100080041000210350026000620820016000881000019001042450020001232600037001436500024001809420012002049520090002169980020003069990015003260000-9342ELIB.Books110520 1976  a(ELIB.Books)0000-9494 a268.1 bAnd aAnderson, Andy aWhere Action Is bNashville: Broadman Press c1976 aChristian Education 2ddccBK 00102ddc4070aKBTSbKBTSd2011-05-20l0p7281r2022-01-22 00:00:00w2022-01-22yBK cbate2011-05-20 c9342d9342